| 000 | 01049cam a2200265 a 4500 | ||
|---|---|---|---|
| 999 |
_c233611 _d233611 |
||
| 001 | 16560884 | ||
| 003 | Nust | ||
| 005 | 20170309114250.0 | ||
| 008 | 101202s2010 nyu d 000 1 eng | ||
| 010 | _a 2010050825 | ||
| 020 | _a9780141331881 | ||
| 040 |
_aDLC _cDLC |
||
| 042 |
_alcac _apcc |
||
| 050 | 0 | 0 |
_aPZ7.M478897 _bLas 2010 |
| 082 | 0 | 0 |
_a813.6 _bMEA |
| 100 | 1 | _aMead, Richelle. | |
| 245 | 1 | 0 |
_aLast sacrifice / _cRichelle Mead. |
| 260 |
_aNew York : _bRazorbill, _c2010. |
||
| 300 |
_a584 p. ; _c22 cm. |
||
| 490 | 0 |
_aVampire Academy ; _v[6] |
|
| 520 | _aFramed for the murder of Queen Tatiana, bodyguard Rose faces the trial of her life as best friend Lissa, a vampire princess, becomes first in line for the royal throne. | ||
| 650 | 1 |
_aVampires _vFiction. |
|
| 650 | 1 |
_aSupernatural _vFiction. |
|
| 906 |
_a7 _bcbc _corignew _d1 _eecip _f20 _gy-gencatlg |
||
| 942 |
_2ddc _cBK |
||